| 000 | 01559nam a2200277Ia 4500 | ||
|---|---|---|---|
| 003 | CO-CtgCURN | ||
| 005 | 20250407221250.0 | ||
| 008 | 190722s2001 xx 000 0 und d | ||
| 020 | _a9586902550 | ||
| 040 |
_aCO-CtgCURN _bspa _ccoctgcurn |
||
| 082 |
_a342.861 _bF475i |
||
| 100 |
_aFigueroa Morantes, Jorge Enrique _eautor _98961 |
||
| 245 | 0 |
_aInterpretación constitucional y decisión judicial / _cJorge Enrique Figueroa Morantes; prólogo., María Cristina Gómez Isaza |
|
| 260 |
_aBogotá, Colombia : _bLeyer, _c2001 |
||
| 300 |
_a130 páginas ; _c22 centímetros. |
||
| 500 | _aIncluye introducción, prólogo e índice | ||
| 504 | _aIncluye referencias bibliográficas (p.[127]-128) | ||
| 505 | _a1. De la interpretación constitucional -- 2. El paradigma de la interpretación jurídica que ha estado vigente -- 3. Hacia un nuevo paradigma hermenéutico -- 4. El intérprete constitucional -- 5. La decisión constitucional -- 6. Cosa juzgada constitucional -- 7. Análisis de la jurisprudencia constitucional sobre hermenéutica -- 8. El enfrentamiento de paradigmas: la tutela contra providencias judiciales, un caso para examinar -- 9. Consideraciones finales. | ||
| 521 | _aAREA PROFESIONAL | ||
| 590 | _aPrograma de Derecho_18 | ||
| 650 |
_aDerecho constitucional y administrativo _98962 |
||
| 650 |
_aDerecho constitucional _zColombia _98963 |
||
| 700 |
_aGómez Isaza, María Cristina _eprólogo _98964 |
||
| 942 |
_cBK _h342.861 _iF475i _2ddc _n0 |
||
| 999 |
_c28523 _d28523 |
||